| 000 | 00433nam a2200181Ia 4500 | ||
|---|---|---|---|
| 008 | 170918s9999 xx 000 0 und d | ||
| 020 | _a9780545417808 | ||
| 050 | _bJ661su 2013 | ||
| 100 | _aJohnson, Alaya | ||
| 245 | 4 | _aThe summer Prince / | |
| 245 | _cby Alaya Dawn Johnson. | ||
| 260 | _aNew York : | ||
| 260 | _bScholastic, | ||
| 260 | _c2013 | ||
| 300 | _a289 pages : | ||
| 300 | _billustrations : | ||
| 300 | _c21cm. | ||
| 999 |
_c344118 _d344118 |
||